| 000 | 01674nam0a2200349 4500 | ||
|---|---|---|---|
| 001 | RU\NLR\bibl\575436 | ||
| 005 | 20260408071717.0 | ||
| 010 |
_a5-8112-0954-1 _95000 |
||
| 021 |
_aRU _b2004-60485 _92975 |
||
| 035 | _a(NLR Aleph) 000567481 | ||
| 090 |
_a1571321 _c1571321 |
||
| 100 | _a20041118d2004 |||y0rusy50 ca | ||
| 101 | 0 | _arus | |
| 102 | _aRU | ||
| 105 | _ay ||||||||| | ||
| 200 | 1 |
_aАттестация учителей математики _eМетод. рекомендации _fМ-во образования и науки Рос. Федерации _g[Авт.-сост. О.В. Тараканова] _gПод общ. ред. д.п.н., проф. Л.Я. Олиференко |
|
| 205 | _a2-е изд., испр. и доп. | ||
| 210 |
_aМ. _cАйрис-Пресс _d2004 |
||
| 215 |
_a51, [1] с. _d20 |
||
| 225 | 1 | _aАттестация работников образования | |
| 320 | _aБиблиогр. в конце кн. | ||
| 606 | 0 |
_aУчителя математики _jМетодические пособия _xАттестация _91644518 _3RU\NLR\auth\661025788 |
|
| 686 | _aЧ42п2я8 | ||
| 686 | _aЧ421.421я8 | ||
| 702 | 1 |
_aТараканова _bО. В. _gОльга Викторовна _4220 |
|
| 702 | 1 |
_aОлиференко _bЛ. Я. _gЛюдмила Яковлевна _4340 |
|
| 712 | 0 | 1 |
_4570 _aРоссийская Федерация _bМинистерство образования и науки _3RU\NLR\AUTH\8810055913 _9612498 |
| 801 | 0 |
_aRU _bNLR _c20041118 _gPSBO |
|
| 801 | 1 |
_aRU _bNLR _c20041118 |
|
| 942 | _cBOOK | ||
| 980 | _aNB | ||